000 00564nam a2200205Ia 4500
003 GCL
008 140319s9999 xx 000 0 ara d
040 _aGCL /
_cGCL
082 0 4 _a787.1
_bا ف
100 1 _aعائشة صبرى
245 1 0 _aفن العزف بقوس الكمان /
_cعائشة صبرى
700 1 _aاسماعيل زكى
260 _a[S.N] :
_bدار الفكر العربى
300 _a127 ص
490 _a
650 0 4 _aالموسيقى
650 0 4 _aالالات الموسيقية
650 0 4 _aالكمان
942 _2ddc
_cBK
999 _c35692
_d35692